000 00535nam a2200193Ia 4500
005 20250508150546.0
008 008 250505s9999 xx 000 0 eng d
037 _aTextual
040 _aFEDL
_beng
_cFEDL
041 _aeng
_2eng
084 _a428, COO
_qFEDL
100 _aCook Luella B
_9757017
245 0 _aUsing lanuage power
260 _aNew York, USA
_bHarcourt, Brace and Company
_c1942
300 _axiv,319p
490 _aGrowth in using English
942 _cTEXL
_h428, COO
999 _c1324262
_d1324262